Cost accounting (Record no. 77978)
[ view plain ]
| 000 -LEADER | |
|---|---|
| fixed length control field | 00480nam a2200193Ia 4500 |
| 001 - CONTROL NUMBER | |
| control field | 68945 |
| 008 - FIXED-LENGTH DATA ELEMENTS--GENERAL INFORMATION | |
| fixed length control field | 151103s9999||||xx |||||||||||||| ||und|| |
| 020 ## - INTERNATIONAL STANDARD BOOK NUMBER | |
| International Standard Book Number | 0538018607 |
| 040 ## - CATALOGING SOURCE | |
| Transcribing agency | PK-LaUMT |
| 082 ## - DEWEY DECIMAL CLASSIFICATION NUMBER | |
| Classification number | 657.42 |
| Item number | MAT-C |
| 100 ## - MAIN ENTRY--PERSONAL NAME | |
| Personal name | Matz, Adolph |
| 245 ## - TITLE STATEMENT | |
| Title | Cost accounting |
| Statement of responsibility, etc | Matz, Adolph|Usry, Milton F. |
| 250 ## - EDITION STATEMENT | |
| Edition statement | 7th |
| 260 ## - PUBLICATION, DISTRIBUTION, ETC. (IMPRINT) | |
| Place of publication, distribution, etc | Lahore,Pakistan: |
| Name of publisher, distributor, etc | Book Media/Dogar Brothers, |
| Date of publication, distribution, etc | 2008 |
| 300 ## - PHYSICAL DESCRIPTION | |
| Extent | 880 p. |
| 546 ## - LANGUAGE NOTE | |
| Language note | EN |
| 700 ## - ADDED ENTRY--PERSONAL NAME | |
| Personal name | Usry, Milton F. |
| 942 ## - ADDED ENTRY ELEMENTS (KOHA) | |
| Koha item type | Books |
| Withdrawn status | Lost status | Source of classification or shelving scheme | Damaged status | Not for loan | Home library | Current library | Date acquired | Total Checkouts | Total Renewals | Full call number | Barcode | Date last seen | Date checked out | Price effective from | Koha item type |
|---|---|---|---|---|---|---|---|---|---|---|---|---|---|---|---|
| Dewey Decimal Classification | UMT Main Campus | UMT Main Campus | 2015-11-02 | 5 | 1 | 657.42 MAT-C | 94441 | 2019-03-28 | 2019-03-13 | 2015-11-03 | Books | ||||
| Dewey Decimal Classification | UMT Main Campus | UMT Main Campus | 2015-11-03 | 4 | 657.42 MAT-C | 94442 | 2019-06-26 | 2019-06-22 | 2015-11-03 | Books |
